[Event "IND-ch Blitz"]
[Site "Nashik"]
[Date "2024.03.07"]
[Round "1"]
[White "Raahul, VS."]
[Black "Yohan, Yadav Tarala"]
[Result "1-0"]
[WhiteElo "2368"]
[BlackElo "1746"]
[PlyCount "33"]
[EventDate "2024.03.07"]
[EventType "swiss (blitz)"]
[EventRounds "11"]
[EventCountry "IND"]
[SourceTitle "CB11_2024"]
[SourceDate "2024.03.13"]
[SourceVersion "1"]
[SourceVersionDate "2024.03.13"]
[SourceQuality "1"]

1. c4 b6 2. Nc3 Bb7 3. e4 e5 4. Nf3 Nc6 5. d4 exd4 6. Nxd4 Bc5 7. Be3 Nxd4 8. Bxd4 Bxd4 9. Qxd4 Qf6 10. e5 Qe7 11. Nd5 Bxd5 12. cxd5 d6 13. Bb5+ Kf8 14. f4 Nh6 15. 0-0 Nf5 16. Qe4 dxe5 17. d6 1-0

[Event "IND-ch U19"]
[Site "Ahmedabad"]
[Date "2023.09.21"]
[Round "2"]
[White "Yohan, Yadav Tarala"]
[Black "Adireddy, Arjun"]
[Result "1/2-1/2"]
[WhiteElo "1649"]
[BlackElo "2057"]
[PlyCount "79"]
[EventDate "2023.09.20"]
[EventType "swiss"]
[EventRounds "11"]
[EventCountry "IND"]
[SourceTitle "EXT 2024"]
[Source "ChessBase"]
[SourceDate "2023.10.10"]
[SourceVersion "1"]
[SourceVersionDate "2023.10.10"]
[SourceQuality "1"]

1. e4 c5 2. Nc3 a6 3. g3 b5 4. Bg2 Bb7 5. Nge2 e6 6. 0-0 Nc6 7. Re1 Qb6 8. d3 0-0-0 9. a4 b4 10. a5 Qc7 11. Na4 Nxa5 12. Be3 Nf6 13. c3 bxc3 14. Nexc3 Qc6 15. b4 cxb4 16. Nd5 Qb5 17. Rc1+ Bc6 18. Bb6 exd5 19. exd5 Nxd5 20. Re5 Nxb6 21. Rxb5 axb5 22. Nxb6+ Kb7 23. Nd5 Bd6 24. Rb1 b3 25. Nc3 Kb6 26. Ne4 Bxe4 27. dxe4 Bc5 28. Qd3 Ka6 29. Bf1 Rb8 30. Ra1 Rhe8 31. Qc3 Bb6 32. Qxb3 Re5 33. Qxf7 d6 34. Rb1 Rb7 35. Qa2 h5 36. Kg2 Bd4 37. Qd2 Nc6 38. Qa2+ Na5 39. Qd2 Nc6 40. Qa2+ 1/2-1/2

[Event "Vrindavana MMT op"]
[Site "Mathura"]
[Date "2023.04.23"]
[Round "2"]
[White "Utsab, Chatterjee"]
[Black "Yohan, Yadav Tarala"]
[Result "1-0"]
[WhiteElo "2338"]
[BlackElo "1472"]
[PlyCount "117"]
[EventDate "2023.04.23"]
[EventType "swiss"]
[EventRounds "9"]
[EventCountry "IND"]
[SourceTitle "CBM 213 Extra"]
[Source "ChessBase"]
[SourceDate "2023.05.31"]
[SourceVersion "1"]
[SourceVersionDate "2023.05.31"]
[SourceQuality "1"]

1. Nf3 d5 2. b3 Bg4 3. Ne5 Bf5 4. d4 Nf6 5. e3 e6 6. Be2 Nbd7 7. Nd3 Bd6 8. Bb2 0-0 9. Nd2 Bxd3 10. Bxd3 e5 11. dxe5 Bxe5 12. Qc1 Re8 13. Nf3 Bxb2 14. Qxb2 Qe7 15. 0-0 Ne5 16. Nxe5 Qxe5 17. Qxe5 Rxe5 18. Rfd1 Rd8 19. Rd2 Kf8 20. Rad1 Ke7 21. Kf1 c6 22. h3 Rd7 23. c3 a6 24. a4 Kd6 25. Ke2 Kc7 26. g4 Rde7 27. b4 h5 28. Rg1 hxg4 29. hxg4 c5 30. Kf3 Ne4 31. Bxe4 Rxe4 32. Rb1 cxb4 33. cxb4 Kd6 34. a5 Rc4 35. b5 axb5 36. Rxb5 Rc5 37. Rb6+ Ke5 38. Ke2 g5 39. Ra2 d4 40. Ra3 Rd7 41. exd4+ Rxd4 42. Rxb7 Rc2+ 43. Ke3 Rdd2 44. Rb5+ Ke6 45. Rf5 Re2+ 46. Kd4 Red2+ 47. Ke4 Re2+ 48. Re3 Rxe3+ 49. Kxe3 f6 50. Kd4 Ra2 51. f3 Ra4+ 52. Kc3 Ra3+ 53. Kb4 Ra1 54. Kb5 Rb1+ 55. Kc6 Ra1 56. Kb6 Ra3 57. a6 Rb3+ 58. Rb5 Rxf3 59. a7 1-0